| 000 | 00460nam a22001577a 4500 | ||
|---|---|---|---|
| 001 | 00028617 | ||
| 005 | 20260326172030.0 | ||
| 008 | 260321b ag ||||| |||| 00| 0 spa d | ||
| 040 |
_bspa _cAR-CcCEOS |
||
| 080 | _a159 | ||
| 090 | _bJOR | ||
| 245 |
_aJornadas 2002 : _bClínica psicoanalítica ante las catástrofes sociales : La experiencia argentina |
||
| 260 |
_aArgentina : _bTalleres Graficos, _c2002 |
||
| 300 |
_a241 p. ; _c24x15 cm. |
||
| 942 |
_2udc _cBK |
||
| 999 |
_c28647 _d28647 |
||
| 945 |
_c66467 _dMelina Rolando |
||